| 000 | 00502nam a2200121Ia 4500 | ||
|---|---|---|---|
| 008 | 160712s9999 xx 000 0 und d | ||
| 100 | _aValerio, Harpy Valence B. | ||
| 245 |
_cHarpy Valence B. Valerio _aConnecting Empires and States: Selected Papers from the 13th International Conference of the European Association of Southeast Asian Archaeologists |
||
| 260 |
_c2013 _bHukay |
||
| 300 | _avol. 18 | ||
| 650 | _xARCHAEOLOGY | ||
| 856 | _uhttp://journals.upd.edu.ph/index.php/asp/issue/view/408/showToc | ||
| 999 |
_c297259 _d297259 |
||